[Event "EWIRCC 2019"]
[Site "Monte-Carlo"]
[Date "2019.11.30"]
[Round "3.16"]
[White "Chiburdanidze, Maia"]
[Black "Unuk, Laura"]
[Result "1-0"]
[WhiteElo "2500"]
[BlackElo "2298"]
[Annotator "TA"]
[PlyCount "171"]
[EventDate "2019.11.28"]
[EventType "swiss"]
[EventCountry "MNC"]
[SourceTitle "playchess.com"]
[Source "ChessBase"]
[SourceQuality "1"]

{[%evp 22,171,9,0,5,0,0,4,17,11,21,-24,-20,-92,-34,-142,-125,-135,-137,-154,-113,-120,-114,-110,-97,-129,-131,-136,-113,-116,-50,-60,-41,-47,0,-226,-225,-222,-216,-218,-220,-222,-219,-216,-95,-90,-90,-116,-88,-88,-88,-83,0,0,0,0,0,0,0,0,0,0,2,0,0,0,0,0,0,0,0,0,0,0,10,0,0,0,0,0,0,0,0,0,0,0,10,8,8,0,6,6,6,6,8,0,0,0,0,0,8,0,0,0,0,0,0,0,38,38,38,45,45,8,9,0,0,0,0,0,0,0,8,8,8,8,8,8,8,8,1435,1059,29979,29980,29980,29981,29985,29986,29986,29985,29985,0,29984,0,29985,0,29986,29987,29989,29990,29990,0]} 1. d4 Nf6 2. Nf3 e6 3. c4 b6 4. e3 Bb7 5. Bd3 Be7 6. Nbd2 d5 7. O-O O-O 8. b3 c5 9. Bb2 cxd4 10. exd4 Nc6 11. Rc1 Rc8 12. Qe2 a5 {E14: Queen's Indian: Classical Variation (4 e3)} (12... Re8 13. Rfe1 Bf8 14. h3 g6 15. Qe3 Bg7 16. a3 Nd7 17. cxd5 exd5 18. Qxe8+ Qxe8 19. Rxe8+ Rxe8 20. b4 Nf8 21. Ne5 Rc8 22. Nxc6 {½-½ (22) Sargissian,G (2672)-Anand,V (2782) Riadh 2017}) 13. a3 h6 $146 ({Predecessor:} 13... Re8 14. Rfd1 Bf8 15. Nf1 g6 16. Ne3 Bh6 17. Rc2 Bg7 18. Rdc1 dxc4 19. Bxc4 Ne7 20. Bb5 Rxc2 21. Rxc2 {0-1 (45) Chiburdanidze,M (2545)-Peptan,C (2433) New Delhi 2000}) 14. Rfd1 Nh5 {The position is equal.} 15. g3 Nf6 16. Ne5 dxc4 17. Ndxc4 (17. bxc4 $11 Nxd4 18. Bxd4 Qxd4 19. Nb3) 17... b5 (17... Nxd4 $17 18. Bxd4 Qd5) 18. Ne3 (18. Nxc6 $15 Rxc6 19. Ne5 Rxc1 20. Rxc1) 18... Nxd4 $17 {[%mdl 64] Double Attack} 19. Qf1 Rxc1 20. Rxc1 Nxb3 21. Rd1 Qc7 22. Bxb5 Ba8 23. Qd3 Nc5 24. Qc2 Qb6 $40 {[%mdl 128] Black attacks with force.} 25. a4 Be4 (25... Nfe4 $17 26. N3c4 Qc7) 26. Qc3 $15 Rb8 {Strongly threatening ...Nxa4!} 27. N3c4 Qc7 (27... Qb7 {feels hotter.} 28. Ba3 Qc7 29. f3 Ba8 30. Rc1 Nd5) 28. Qxa5 $2 (28. Nxa5 $11 {and White is okay.} Rc8 29. Rc1) 28... Qxa5 $19 29. Nxa5 {[#] And now Nac6 would win.} Nxa4 $1 {[%mdl 512]} 30. Bxa4 Rxb2 31. Nac4 Rb4 32. Ra1 Bd5 (32... Bc5 $19 {and Black stays clearly on top. White must now prevent ...Bd4.} 33. Bd1 Bd5) 33. Ne3 $17 Bb7 34. Bc6 Rb6 35. Bxb7 Rxb7 36. Ra8+ {[#]} Kh7 (36... Bf8 $1 $17) 37. Nxf7 $11 Bc5 38. Rh8+ Kg6 39. Ne5+ Kh5 40. N5c4 (40. N3c4 {keeps more tension.} Rc7 41. Kg2 Ng4 42. Nd3 Kg6 43. f3) 40... Bxe3 41. Nxe3 {[%mdl 4096] Endgame KRN-KRN} Ng4 42. Nf1 Rb1 43. Kg2 Rb2 44. Rf8 Nf6 45. h3 Kg6 46. Ne3 Ra2 47. Nc4 Kf5 48. g4+ Kg6 49. Ne5+ Kh7 50. Kg3 Ne4+ 51. Kg2 Nf6 52. Rf7 Ra5 53. Nf3 e5 54. Re7 e4 55. Nh4 {next Nf5 is good for White.} Kg8 56. Nf5 Kf8 57. Rb7 h5 58. Ne3 hxg4 59. hxg4 Nd5 60. Nf5 Nf6 61. Ne3 Nd5 62. Nc4 Ra2 63. Kg3 Rc2 64. Nd6 e3 {Threatening ...e2.} 65. Rb8+ Ke7 66. Nf5+ {[%mdl 64] Double Attack} Kf7 67. fxe3 g6 68. Nd6+ Ke7 69. e4 Kxd6 {KRN-KR} 70. Rd8+ Ke5 {Hoping for ...Nf6.} 71. exd5 {KR-KR} Rd2 72. Kh4 Kf6 $1 73. Rd6+ Ke7 $1 {[%cal Re7d6]} 74. Rxg6 {Threatens to win with d6+!} Rxd5 75. Rg5 Rd6 $2 {[%mdl 8192]} (75... Rd8 $11) 76. Rf5 $18 Rf6 77. Rxf6 Kxf6 {KP-K} 78. Kh5 Kf7 79. Kh6 Kg8 80. Kg6 Kh8 81. Kf7 Kh7 82. g5 Kh8 83. Kg6 Kg8 84. Kh6 {White mates.} Kh8 85. g6 Kg8 86. g7 {[%mdl 32768] Accuracy: White = 60%, Black = 52%. . Loss on time!?} 1-0

[Event "EWIRCC 2019"]
[Site "Monte-Carlo"]
[Date "2019.11.30"]
[Round "3.17"]
[White "Kurapova, Olga"]
[Black "Cramling, Pia"]
[Result "0-1"]
[WhiteElo "1925"]
[BlackElo "2443"]
[Annotator "NA"]
[PlyCount "52"]
[EventDate "2019.11.28"]
[EventType "swiss"]
[EventCountry "MNC"]
[SourceTitle "playchess.com"]
[Source "ChessBase"]
[SourceQuality "1"]
[TimeControl "5400+30"]

1. d4 {[%emt 1:15:11]} Nf6 {[%emt 1:15:11]} 2. c4 {[%emt 0:00:22]} e6 {[%emt 0:00:21]} 3. Nc3 {[%emt 0:00:21]} Bb4 {[%emt 0:00:21]} 4. Qc2 {[%emt 0:00:21]} c5 {[%emt 0:00:27]} 5. dxc5 {[%emt 0:00:22]} Bxc5 {[%emt 0:00:29]} 6. Bg5 {[%emt 0:00:28]} Bxf2+ {[%emt 0:00:44]} 7. Kxf2 {[%emt 0:01:27]} Ng4+ {[%emt 0:00:23]} 8. Ke1 {[%emt 0:00:21]} Qxg5 {[%emt 0:00:26]} 9. Nf3 {[%emt 0:00:30]} Qe3 {[%emt 0:01:23]} 10. Ne4 {[%emt 0:01:17]} f5 {[%emt 0:00:42]} 11. Nd6+ {[%emt 0:01:04]} Ke7 {[%emt 0:00:29]} 12. Nxc8+ {[%emt 0:01:14]} Rxc8 {[%emt 0:00:23]} 13. Qb3 {[%emt 0:01:05]} Na6 {[%emt 0:01:57]} 14. Rd1 {[%emt 0:02:48]} Nc5 {[%emt 0:01:18]} 15. Qxe3 {[%emt 0:03:09]} Nxe3 {[%emt 0:00:22]} 16. Rc1 {[%emt 0:00:29]} Ne4 {[%emt 0:00:28]} 17. b3 {[%emt 0:01:01]} b5 {[%emt 0:00:53]} 18. Nd2 {[%emt 0:00:32]} bxc4 {[%emt 0:01:14]} 19. bxc4 {[%emt 0:00:50]} Rab8 {[%emt 0:01:34]} 20. h4 {[%emt 0:01:45]} Nxd2 {[%emt 0:01:22]} 21. Kxd2 {[%emt 0:00:33]} Nxc4+ {[%emt 0:00:22]} 22. Ke1 {[%emt 0:00:47]} Ne3 {[%emt 0:01:06]} 23. Rxc8 {[%emt 0:01:06]} Rxc8 {[%emt 0:00:23]} 24. Rh3 {[%emt 0:00:49]} f4 {[%emt 0:00:25]} 25. Rf3 {[%emt 0:00:59]} Rc1+ {[%emt 0:00:33]} 26. Kf2 {[%emt 0:00:24]} Rxf1# {[%emt 0:09:44]} 0-1

[Event "EWIRCC 2019"]
[Site "Monte-Carlo"]
[Date "2019.11.30"]
[Round "3.18"]
[White "Bodnaruk, Anastasia"]
[Black "Azimova, Karina"]
[Result "1-0"]
[WhiteElo "2412"]
[BlackElo "2081"]
[Annotator "NA"]
[PlyCount "81"]
[EventDate "2019.11.28"]
[EventType "swiss"]
[EventCountry "MNC"]
[SourceTitle "playchess.com"]
[Source "ChessBase"]
[SourceQuality "1"]
[TimeControl "5400+30"]

1. e4 {[%emt 1:15:11]} e5 {[%emt 1:15:11]} 2. Nf3 {[%emt 0:00:23]} d6 {[%emt 0:00:21]} 3. d4 {[%emt 0:00:25]} exd4 {[%emt 0:00:22]} 4. Nxd4 {[%emt 0:00:22]} Nf6 {[%emt 0:00:21]} 5. Nc3 {[%emt 0:00:21]} Be7 {[%emt 0:00:21]} 6. g3 {[%emt 0:00:35]} O-O {[%emt 0:00:24]} 7. Bg2 {[%emt 0:00:22]} c6 {[%emt 0:00:34]} 8. O-O {[%emt 0:00:30]} Re8 {[%emt 0:00:23]} 9. Bf4 {[%emt 0:01:52]} Bf8 {[%emt 0:00:39]} 10. Qd2 {[%emt 0:00:29]} Nbd7 {[%emt 0:00:51]} 11. h3 {[%emt 0:02:18]} Ne5 {[%emt 0:00:25]} 12. b3 {[%emt 0:00:32]} Bd7 {[%emt 0:01:16]} 13. g4 {[%emt 0:01:50]} Qc7 {[%emt 0:03:21]} 14. Bg3 {[%emt 0:01:04]} c5 {[%emt 0:02:28]} 15. Nde2 {[%emt 0:01:58]} Bc6 {[%emt 0:00:34]} 16. Nf4 {[%emt 0:01:17]} Ng6 {[%emt 0:02:56]} 17. Nfd5 {[%emt 0:01:37]} Nxd5 {[%emt 0:01:07]} 18. Nxd5 {[%emt 0:01:33]} Qd8 {[%emt 0:00:21]} 19. f4 {[%emt 0:01:02]} Ne7 {[%emt 0:00:46]} 20. c4 {[%emt 0:00:27]} Nxd5 {[%emt 0:01:08]} 21. cxd5 {[%emt 0:00:37]} Bb5 {[%emt 0:00:51]} 22. Rfe1 {[%emt 0:00:23]} g6 {[%emt 0:00:53]} 23. e5 {[%emt 0:00:59]} Bg7 {[%emt 0:00:28]} 24. Rac1 {[%emt 0:00:48]} Rc8 {[%emt 0:02:12]} 25. Kh2 {[%emt 0:00:56]} Bf8 {[%emt 0:00:53]} 26. e6 {[%emt 0:01:01]} fxe6 {[%emt 0:00:34]} 27. dxe6 {[%emt 0:00:23]} Bc6 {[%emt 0:00:50]} 28. Bd5 {[%emt 0:00:27]} Kh8 {[%emt 0:00:51]} 29. f5 {[%emt 0:03:04]} Qf6 {[%emt 0:00:30]} 30. Qd3 {[%emt 0:00:45]} Rcd8 {[%emt 0:01:14]} 31. Rc2 {[%emt 0:00:36]} Bg7 {[%emt 0:01:04]} 32. Rd2 {[%emt 0:00:56]} Qc3 {[%emt 0:00:51]} 33. Qe2 {[%emt 0:00:46]} Be5 {[%emt 0:00:25]} 34. Bxe5+ {[%emt 0:00:43]} dxe5 {[%emt 0:00:21]} 35. Qxe5+ {[%emt 0:00:24]} Qxe5+ {[%emt 0:00:22]} 36. Rxe5 {[%emt 0:00:21]} gxf5 {[%emt 0:00:28]} 37. gxf5 {[%emt 0:00:22]} Rd6 {[%emt 0:00:23]} 38. Kg3 {[%emt 0:00:38]} Kg7 {[%emt 0:00:21]} 39. Bxc6 {[%emt 0:00:39]} Rxc6 {[%emt 0:00:28]} 40. Rd7+ {[%emt 0:00:25]} Kf6 {[%emt 0:00:21]} 41. Kf4 {[%emt 0:00:23]} 1-0

[Event "EWIRCC 2019"]
[Site "Monte-Carlo"]
[Date "2019.11.30"]
[Round "3.19"]
[White "Salimova, Nurgyul"]
[Black "Arakhamia-Grant, Ketevan"]
[Result "0-1"]
[WhiteElo "2370"]
[BlackElo "2376"]
[Annotator "NA"]
[PlyCount "108"]
[EventDate "2019.11.28"]
[EventType "swiss"]
[EventCountry "MNC"]
[SourceTitle "playchess.com"]
[Source "ChessBase"]
[SourceQuality "1"]
[TimeControl "5400+30"]

1. e4 {[%emt 1:15:13]} c5 {[%emt 1:15:11]} 2. Nf3 {[%emt 0:00:21]} Nc6 {[%emt 0:00:21]} 3. d4 {[%emt 0:00:21]} cxd4 {[%emt 0:00:22]} 4. Nxd4 {[%emt 0:00:21]} e5 {[%emt 0:00:23]} 5. Nb5 {[%emt 0:00:41]} d6 {[%emt 0:00:22]} 6. N1c3 {[%emt 0:00:38]} a6 {[%emt 0:00:21]} 7. Na3 {[%emt 0:00:21]} Be7 {[%emt 0:00:24]} 8. Nc4 {[%emt 0:01:19]} b5 {[%emt 0:00:31]} 9. Ne3 {[%emt 0:00:23]} Nf6 {[%emt 0:00:21]} 10. g3 {[%emt 0:00:55]} O-O {[%emt 0:00:39]} 11. Bg2 {[%emt 0:00:21]} Be6 {[%emt 0:00:24]} 12. O-O {[%emt 0:00:49]} Rc8 {[%emt 0:00:56]} 13. Ncd5 {[%emt 0:01:49]} Bxd5 {[%emt 0:03:41]} 14. exd5 {[%emt 0:00:37]} Nb8 {[%emt 0:00:21]} 15. a4 {[%emt 0:01:09]} b4 {[%emt 0:01:00]} 16. a5 {[%emt 0:00:35]} Rc5 {[%emt 0:04:38]} 17. Bd2 {[%emt 0:00:22]} Rxa5 {[%emt 0:00:21]} 18. Bxb4 {[%emt 0:00:21]} Rb5 {[%emt 0:00:21]} 19. Bc3 {[%emt 0:00:22]} Qc8 {[%emt 0:02:20]} 20. Re1 {[%emt 0:00:41]} Ne8 {[%emt 0:04:11]} 21. Bf1 {[%emt 0:04:02]} Rb6 {[%emt 0:00:36]} 22. Nc4 {[%emt 0:01:42]} Rb7 {[%emt 0:00:21]} 23. b3 {[%emt 0:01:03]} f5 {[%emt 0:00:34]} 24. Bb2 {[%emt 0:01:01]} Nf6 {[%emt 0:01:17]} 25. Bg2 {[%emt 0:02:21]} Rb5 {[%emt 0:00:36]} 26. Ra5 {[%emt 0:01:21]} Nbd7 {[%emt 0:00:49]} 27. Qa1 {[%emt 0:01:00]} Nc5 {[%emt 0:00:58]} 28. Rd1 {[%emt 0:00:31]} Qc7 {[%emt 0:00:45]} 29. Bf1 {[%emt 0:00:45]} Bd8 {[%emt 0:00:52]} 30. Rxb5 {[%emt 0:00:32]} axb5 {[%emt 0:00:21]} 31. Na3 {[%emt 0:00:59]} b4 {[%emt 0:00:21]} 32. Nb5 {[%emt 0:00:25]} Qb6 {[%emt 0:00:26]} 33. Bc1 {[%emt 0:00:55]} Ng4 {[%emt 0:00:42]} 34. Re1 {[%emt 0:01:26]} Nxb3 {[%emt 0:00:41]} 35. Qa7 {[%emt 0:00:39]} Qxa7 {[%emt 0:00:26]} 36. Nxa7 {[%emt 0:00:21]} Nxc1 {[%emt 0:00:23]} 37. Rxc1 {[%emt 0:00:21]} Bb6 {[%emt 0:00:21]} 38. Nc6 {[%emt 0:00:22]} Bxf2+ {[%emt 0:00:40]} 39. Kh1 {[%emt 0:00:30]} Bc5 {[%emt 0:00:25]} 40. Ra1 {[%emt 0:00:54]} g6 {[%emt 0:00:41]} 41. Ra4 {[%emt 0:00:35]} Ne3 {[%emt 0:00:24]} 42. Bb5 {[%emt 0:00:27]} Nxc2 {[%emt 0:00:26]} 43. Bd3 {[%emt 0:00:25]} b3 {[%emt 0:01:03]} 44. Bxc2 {[%emt 0:00:26]} bxc2 {[%emt 0:00:21]} 45. Rc4 {[%emt 0:00:21]} Ra8 {[%emt 0:00:33]} 46. Rxc2 {[%emt 0:00:23]} e4 {[%emt 0:00:33]} 47. Kg2 {[%emt 0:00:32]} Ra1 {[%emt 0:00:22]} 48. Rb2 {[%emt 0:00:26]} Kf7 {[%emt 0:00:41]} 49. Nd8+ {[%emt 0:00:30]} Kf6 {[%emt 0:00:26]} 50. Nc6 {[%emt 0:00:36]} Rg1+ {[%emt 0:00:23]} 51. Kh3 {[%emt 0:00:22]} e3 {[%emt 0:00:31]} 52. Rc2 {[%emt 0:00:42]} g5 {[%emt 0:00:22]} 53. Re2 {[%emt 0:00:25]} f4 {[%emt 0:00:24]} 54. gxf4 {[%emt 0:00:27]} gxf4 {[%emt 0:00:21]} 0-1

[Event "EWIRCC 2019"]
[Site "Monte-Carlo"]
[Date "2019.11.30"]
[Round "3.20"]
[White "Osmak, Iulija"]
[Black "Limanovska, Elizabete"]
[Result "1-0"]
[WhiteElo "2401"]
[BlackElo "2178"]
[Annotator "NA"]
[PlyCount "73"]
[EventDate "2019.11.28"]
[EventType "swiss"]
[EventCountry "MNC"]
[SourceTitle "playchess.com"]
[Source "ChessBase"]
[SourceQuality "1"]
[TimeControl "5400+30"]

1. d4 {[%emt 1:15:12]} Nf6 {[%emt 1:15:11]} 2. Bg5 {[%emt 0:00:36]} Ne4 {[%emt 0:00:53]} 3. Bf4 {[%emt 0:00:22]} d5 {[%emt 0:00:42]} 4. e3 {[%emt 0:00:25]} Bf5 {[%emt 0:02:52]} 5. f3 {[%emt 0:01:01]} Nd6 {[%emt 0:02:08]} 6. Nc3 {[%emt 0:00:48]} e6 {[%emt 0:00:37]} 7. Nge2 {[%emt 0:01:04]} g5 {[%emt 0:01:09]} 8. Bg3 {[%emt 0:01:23]} h5 {[%emt 0:00:39]} 9. h4 {[%emt 0:01:16]} Bh6 {[%emt 0:01:55]} 10. hxg5 {[%emt 0:01:06]} Bxg5 {[%emt 0:00:21]} 11. Bf4 {[%emt 0:00:55]} h4 {[%emt 0:01:07]} 12. b3 {[%emt 0:01:52]} Nc6 {[%emt 0:01:18]} 13. Qd2 {[%emt 0:00:59]} Bf6 {[%emt 0:01:39]} 14. O-O-O {[%emt 0:01:14]} Qd7 {[%emt 0:00:49]} 15. Kb1 {[%emt 0:02:03]} O-O-O {[%emt 0:00:53]} 16. Nc1 {[%emt 0:00:21]} Bg6 {[%emt 0:01:09]} 17. Nd3 {[%emt 0:00:35]} Qe7 {[%emt 0:01:54]} 18. Ne5 {[%emt 0:01:01]} Bxe5 {[%emt 0:00:34]} 19. dxe5 {[%emt 0:00:40]} Nf5 {[%emt 0:00:44]} 20. Ne2 {[%emt 0:00:50]} f6 {[%emt 0:00:50]} 21. exf6 {[%emt 0:00:32]} Qxf6 {[%emt 0:00:40]} 22. Nd4 {[%emt 0:01:52]} Nce7 {[%emt 0:01:17]} 23. Nb5 {[%emt 0:02:38]} e5 {[%emt 0:00:21]} 24. Qa5 {[%emt 0:00:39]} Qb6 {[%emt 0:01:00]} 25. Qxb6 {[%emt 0:01:03]} axb6 {[%emt 0:00:20]} 26. Bxe5 {[%emt 0:00:22]} Nxe3 {[%emt 0:00:22]} 27. Bxh8 {[%emt 0:00:35]} Bxc2+ {[%emt 0:00:26]} 28. Kc1 {[%emt 0:00:25]} Bxd1 {[%emt 0:00:36]} 29. Bd4 {[%emt 0:00:36]} N7f5 {[%emt 0:00:23]} 30. Bxe3 {[%emt 0:01:12]} Nxe3 {[%emt 0:00:22]} 31. Bd3 {[%emt 0:00:39]} c5 {[%emt 0:00:47]} 32. Nc3 {[%emt 0:00:43]} c4 {[%emt 0:00:28]} 33. Nxd1 {[%emt 0:00:21]} Nxd1 {[%emt 0:00:22]} 34. Bf5+ {[%emt 0:00:21]} Kc7 {[%emt 0:00:23]} 35. Kxd1 {[%emt 0:00:26]} c3 {[%emt 0:00:26]} 36. Kc2 {[%emt 0:00:23]} d4 {[%emt 0:00:22]} 37. Rxh4 {[%emt 0:00:23]} 1-0